000 00378nam a2200157Ia 4500
008 210716s2008 xx 000 0 und d
020 _a9780230226494
041 _aeng
082 _a658 PETR
100 _aPettinger, Richard.
245 _aIntroduction to management.
250 _a4
260 _aNew York
_bPalgrave
_c2008
300 _axxviii,665
650 _aMANAGEMENT
999 _c205316
_d205316